Регионална библиотека "Любен Каравелов" - Русе

Легенди (Запис номер 52431)

MARC детайли
000 -Лидер
Контролно поле с фиксирана дължина 01089nam a2200325 c 4500
003 - Код на организацията, давaща контролен номер
Контролно поле BLK
005 - Дата и час на последна редакция
Контролно поле 20220225170415.0
008 - Елементи от данни с фиксирана дължина
fixed length control field 180408b bul|||||r ||||||| ||bul||
010 ## - Наследен системен номер
LC control number KNG00056355000
020 ## - Международен стандартен номер на книга ISBN
Международен стандартен номер на книга ISBN 954-9548-97-Х
040 ## - Източник на каталожния запис
Идентификатор на билиотеката - собственик на записа BLK
041 ## - Код за език
Код за езика на текст/звукозапис или на отделно заглавие Български
Код за езика КДБФ Български
080 ## - УДК
Текстов определител УДК Българска литература
УДК код - определител по УДК 821.163.2
УДК определител -34
УДК - код + определител 821.163.2-34
100 1# - Редна дума - Автор
Автор Райков, Цвятко Христов
Авторска отговорност първи автор
R(LIN) 284463
139 ## - Редно поле
Редна дума Райков, Цвятко Христов
Авторски знак Раи - Р 27
245 10 - Сведения за заглавието
Заглавие Легенди
Редно поле (дума) Цвятко Христов Райков; худож. Гриша Кубратов.
257 ## - Страна на издаване
Страна на създаване/издаване България
260 ## - Област на издателските данни
Име на издателя, разпространителя и проч. Авангард принт
Година на издаване 2005
300 ## - Физическа характеристика
Страници 150 с.
Размери/Мащаб 20 см
380 ## - Жанр
Жанр Худож. лит.
500 ## - Общи забележки
Забележка Офс. изд.
653 ## - Ключова дума – ненормативна
Ключова дума легенди
659 ## - Тематичен бюлетин
Тематичен бюлетин К
700 1# - Други автори (авторска отговорност)
Лично име Кубратов, Гриша
Автороска отговорност (Описва отношението между автора и произведението) худож.
9 (RLIN) 85104
852 ## - Местоположение
Форматна сигнатура Цб 225381
852 ## - Местоположение
Форматна сигнатура К 821.163.2/Р 27 Ц
856 4# - Електронен адрес и достъп
Електронен формат pdf - файл
856 4# - Електронен адрес и достъп
Електронен формат pdf - файл
999 ## - СИСТЕМНИ КОНТРОЛНИ НОМЕРА
Koha biblionumber 52431
Koha biblioitemnumber 52431
942 ## - АРТИКУЛИ
Вид на библиотечния материал Книги
Скрит в OPAC Не
Периодичен библиозапис Да
944 ## - СЪЗДАВАНЕ И РЕДАКЦИЯ на ЗАПИСА
Създаване/Редакция Създаване
Дата на регистрацията/редакция 03.11.2005
Служител, извършил регистрацията/редакцията Людмила_Стоянова
944 ## - СЪЗДАВАНЕ И РЕДАКЦИЯ на ЗАПИСА
Създаване/Редакция Редакция
Дата на регистрацията/редакция 25.04.2007
999 ## - СИСТЕМНИ КОНТРОЛНИ НОМЕРА
Koha biblioitemnumber 52431
Наличности
Код за отписване Код за изгубен артикул Източник на класификационната схема Код за повреда Коз за рестрикции Код за отдаване Артикулен № Име на библиотеката - собственик Име на библиотеката, в която се намира в момента Статус (Текущо местоположение) Дата на вписване в системата Местоположение - отдел Цена в лева Инвентарен номер Систематично азбучна сигнатура Баркод Номер на екземпляра Цена в евро Служебна бележка Служебен тип на артикула
  Не е изгубен Universal Decimal Classification Не е повреден без рестрикции ползва се в читалня 82466 Регионална библиотека "Любен Каравелов" Русе Регионална библиотека "Любен Каравелов" Русе Краезнание 2005-11-03 Краезнание 4.50 120000697776 К 821.163.2/Р 27 Ц 120000697776 1 2.30 Дост: DA Вид: А N: 24 Дата: 02.11.2005 Дата инв: 15.11.2017 Бележки инв: К2017 Книги
  Не е изгубен   Не е повреден без рестрикции ползва се в читалня 82467 Регионална библиотека "Любен Каравелов" Русе Регионална библиотека "Любен Каравелов" Русе Хранилище 2007-04-13 Хранилище 4.50 120000712364 Цб 225381 120000712364 2 2.30 Дост: Dp Вид: Д N: 39 Дата: 30.08.2006 Книги
Vip Innovations Ltd, Rousse, Bulgaria 2025